Tottenham Hotspur Football Club 2016 - Statistics

General Stats
  • This quiz has been taken 112 times
    100 since last reset
  • The average score is 12 of 20
Answer Stats
How to find it Answer % Correct
Stadium White Hart Lane
98%
Rank for the 2015-16 season 3e
92%
Top scorer 2015-16 Harry Kane
91%
Chairman Daniel Levy
90%
Manager Mauricio Pochettino
89%
Asian player Heung-min Son
85%
Captain Hugo Lloris
85%
Middlefielder born in 1996 Dele Alli
73%
Stadium for 2016-17 Champions League Wembley Stadium
70%
Kit Sponsor AIA
68%
TH's number of players for Euro 2016 11
57%
Transfer from Southampton for 2016-17 Victor Wanyama
54%
Kit Manufacturer Under Armour
51%
South American player for 2015-16 Erik Lamela
49%
Player of the year 2015-16 Toby Alderweireld
43%
Forward's transfer for 2016-17 Vincent Janssen
41%
Longest time in the club Danny Rose
37%
Last 2015-16 match against : Newcastle United
29%
First 2016-17 match against : Everton FC
23%
Team eliminating TH in 2015-16 EL Borussia Dortmund
15%
No matching quizzes found
Score Distribution
Percent of People with Each Score
Percentile by Number Answered
Your Score History
You have not taken this quiz since the last reset